Against the cold war : (Record no. 23687)
[ view plain ]
| 000 -LEADER | |
|---|---|
| fixed length control field | 00672nam a2200229Ia 4500 |
| 008 - FIXED-LENGTH DATA ELEMENTS--GENERAL INFORMATION | |
| fixed length control field | 210303s9999 xx 000 0 und d |
| 016 ## - NATIONAL BIBLIOGRAPHIC AGENCY CONTROL NUMBER | |
| Source | reto2022b |
| 040 ## - CATALOGING SOURCE | |
| Original cataloging agency | NLN |
| Language of cataloging | English |
| Description conventions | AACR2 |
| 100 ## - MAIN ENTRY--AUTHOR | |
| Author | SEN, Chanakya Pseud |
| Relator term | aut |
| 245 #0 - TITLE STATEMENT | |
| Title | Against the cold war : |
| Remainder of title | a study of Asian- American policies since World war II / |
| Statement of responsibility, etc | P.C. Sen |
| 260 ## - PUBLICATION, DISTRIBUTION, ETC. (IMPRINT) | |
| Place of publication | Bombay : |
| Name of publisher | Asia Pub. House , |
| Date of publication | 1962 |
| 300 ## - COLLATION | |
| Pagination | 288p. : |
| Other physical details | map. ;23cm. |
| 563 ## - BINDING INFORMATION | |
| Binding note | (pbk) |
| 650 ## - TRACINGS | |
| Main Subject | Africa |
| Subdivision (1st) | Politics |
| 650 ## - TRACINGS | |
| Main Subject | Asia |
| Subdivision (1st) | politics |
| 650 ## - TRACINGS | |
| Main Subject | world politics |
| Subdivision (1st) | 1945 |
| 942 ## - ADDED ENTRY ELEMENTS (KOHA) | |
| Item type | Books |
| 942 ## - ADDED ENTRY ELEMENTS (KOHA) | |
| Suppress in OPAC | No |
| 050 ## - LIBRARY OF CONGRESS CALL NUMBER | |
| Classification number | DS35 |
| Item number | .S45 |
| 082 ## - DEWEY DECIMAL CLASSIFICATION NUMBER | |
| Classification number | 950.42 |
| Withdrawn status | Lost status | Source of classification or shelving scheme | Damaged status | Not for loan | Home library | Current library | Date acquired | Total Checkouts | Full call number | Barcode. | Date last seen | Price effective from | Koha item type |
|---|---|---|---|---|---|---|---|---|---|---|---|---|---|
| Library of Congress Classification | LAGOS BRANCH | National Library of Nigeria | 04/03/2021 | DS35 .S45 | 2024-555555551001467 | 04/03/2021 | 04/03/2021 | Books |
